Ako robíme rozhodnutia? Osem neviditeľných pascí rozhodovania

Robenie rozhodnutí patrí k najdôležitejším činnostiam manažéra. Nesprávne rozhodnutia dokážu poškodiť neilen biznis, ale aj selú životnú kariéru manažéra. Chyby v rozhodovacom procese. Zlyhanie rozhodnutia zapríčinené zlyhaním osoby rozhodovateľa. Chyby v ľudskom rohodovaní. Osem neviditeľných pasc...

Descrizione completa

Salvato in:
Dettagli Bibliografici
Autore principale: Reháková, Helena
Natura: Capitolo di libro
Lingua:slovacco
Soggetti:
Tags: Aggiungi Tag
Nessun Tag, puoi essere il primo ad aggiungerne!!

MARC

LEADER 00000naa$a2200000$$$4500
001 0045737
005 20241118101402.4
041 0 |a slo 
044 |a SK 
245 1 0 |a Ako robíme rozhodnutia? Osem neviditeľných pascí rozhodovania  |c Helena Reháková 
520 |a Robenie rozhodnutí patrí k najdôležitejším činnostiam manažéra. Nesprávne rozhodnutia dokážu poškodiť neilen biznis, ale aj selú životnú kariéru manažéra. Chyby v rozhodovacom procese. Zlyhanie rozhodnutia zapríčinené zlyhaním osoby rozhodovateľa. Chyby v ľudskom rohodovaní. Osem neviditeľných pascí rozhodovania: Príťažlivosť prvého. Príťažlivosť známeho. Potreba obhájiť minulosť. Racionalizácia. Vymedzenie problému. Prehnaná sebadôvera. Prehnaná opatrnosť. Zrada pamäti. 
610 2 0 |a rozhodovanie 
610 2 0 |a rozhodovanie manažérske 
610 2 0 |a procesy rozhodovacie 
610 2 0 |a činiteľ ľudský 
610 2 0 |a rozhodovanie individuálne 
610 2 0 |a sebadôvera 
100 1 |a Reháková, Helena